01203cam a2200313 i 450000100060000000300080000600500170001400800410003102000250007203500190009704000370011604100080015304200080016108200270016910000400019624501310023624600390036725000190040626400450042530000270047033600260049733700280052333800270055150400510057865000260062965000270065565000170068277601900069975543BD-RjUL20211209082716.0190423s2018 enk b 001 0 eng d a9780749481209 (pbk.) a(BD-RjUL)75761 aDLCbengcDLCerdadDLCdBD-RjUL aeng apcc00a658.3125223bARA 20181 aArmstrong, Michael,d1928-eauthor.10aArmstrong's handbook of performance management :ban evidence-based guide to delivering high performance /cMichael Armstrong.30aHandbook of performance management aSixth edition. 1aLondon ;aNew York :bKogan Page,c2018. aix, 257 pages ;c24 cm atextbtxt2rdacontent aunmediatedbn2rdamedia avolumebnc2rdacarrier aIncludes bibliographical references and index. 0aEmployeesxRating of. 0aPerformance standards. 0aPerformance.08iOnline version:aArmstrong, Michael, 1928- author.tArmstrong's handbook of performance managementbSixth edition.dLondon ; New York : Kogan Page, 2017z9780749481216w(DLC) 2017038109